000 00499nam a22001817a 4500
999 _c157868
_d157868
005 20181006131359.0
010 _aENG-124191
020 _a9789386338938
_c299.00
035 _aEN-107723
037 _bDBAD/PUB
082 _aN
100 _aGarg, Mridula
245 _aThe last email:
_cby Mridula Garg
_b- A novel - /
260 _aNew Delhi
_bSpeaking Tiger
_c2017
270 _a4381/4, Ansari Road, Daryaganj,
_bNew Delhi
_e110002
300 _a226p.
_c20cm(pbk)
942 _2ddc
_cEN
_hN
_mGAR